Bilecik Bilecik Bilecik Bilecik Bilecik

İş dünyası için pratik dış ticaret işlemleri/ (Record no. 70194)

MARC details
000 -BAŞLIK
Sabit Uzunluktaki Kontrol Alanı 01048nam a22003377a 4500
001 - KONTROL NUMARASI
Control Dosyası 0069446
003 - KONTROL NUMARASI KİMLİĞİ
Kontrol Alanı KOHA_MİRAKIL
005 - EN SON İŞLEM TARİHİ ve ZAMANI
Kontrol Alanı 20260207004842.0
007 - FİZİKSEL TANIM SABİT ALAN - GENEL BİLGİ
Sabit uzunluklu kontrol alanı ta
008 - SABİT UZUNLUKTAKİ VERİ ÖGELERİ - GENEL BİLGİ
Sabit Alan 230925b2009 tu |||gr||||#0|||0|tur |
040 ## - KATALOGLAMA KAYNAĞI
Özgün Kataloglama Kurumu TR-BiSEU
Kataloglama Dili tur
Çeviri Kurumu TR-BiSEU
Açıklama Kuralları rda
041 0# - DİL KODU
Metin ya da ses kaydının dil kodu tur
044 ## - YAYINLAYAN/ÜRETEN KURULUŞUN ÜLKE KODU
ISO country code tu
050 ## - SINIFLAMA ve YER NUMARASI
Sınıflama Numarası HF1379
Yer Numarası .K46 2009
100 1# - KİŞİ ADI
Yazar Adı (Kişi adı) Kemer, Osman Barbaros.
245 1# - ESER ADI BİLDİRİMİ
Başlık İş dünyası için pratik dış ticaret işlemleri/
Sorumluluk Bildirimi Osman Barbaros Kemer ; Osman Barbaros Kemer.
264 #1 - ÜRERİM, YAYIN, DAĞITIM ve TELİF BİLDİRİMİ
Yayın yeri İstanbul :
Yayınlayan Alfa Yayınları
Yayın tarihi 2009
300 ## - FİZİKSEL TANIMLAMA
Sayfa, Cilt vb. XI, 195 sayfa: resimli; 24 cm.
336 ## - İÇERİK TÜRÜ
Content type term metin
Content type code txt
Source rdacontent
337 ## - MEDYA TÜRÜ
Media type term aracısız
Media type code n
Source rdamedia
338 ## - TAŞIYICI TÜRÜ
Carrier type term cilt
Carrier type code nc
Source rdacarrier
500 ## - GENEL NOT
Genel Not Kaynakça var.
650 #0 - KONU BAŞLIĞI EK GİRİŞ - KONU TERİMİ
Konusal terim veya coğrafi ad Dış ticaret işlemleri.
9 (RLIN) 134271
650 #0 - KONU BAŞLIĞI EK GİRİŞ - KONU TERİMİ
Konusal terim veya coğrafi ad Dış ticaret düzenlemesi--Türkiye.
9 (RLIN) 134272
650 #0 - KONU BAŞLIĞI EK GİRİŞ - KONU TERİMİ
Konusal terim veya coğrafi ad Exports.
9 (RLIN) 19033
650 #0 - KONU BAŞLIĞI EK GİRİŞ - KONU TERİMİ
Konusal terim veya coğrafi ad Foreign trade regulation--Turkey.
9 (RLIN) 43610
650 #0 - KONU BAŞLIĞI EK GİRİŞ - KONU TERİMİ
Konusal terim veya coğrafi ad Imports.
9 (RLIN) 64078
650 #0 - KONU BAŞLIĞI EK GİRİŞ - KONU TERİMİ
Konusal terim veya coğrafi ad International trade.
9 (RLIN) 8336
907 ## - LOCAL DATA ELEMENT G, LDG (RLIN)
a Ticaret
942 ## - EK GİRİŞ ÖGELERİ (KOHA)
Source of classification or shelving scheme Library of Congress Classification
Koha item type Book
Holdings
Materyal Türü Kalıcı Konum Mevcut Konum Sınıflandırma Kaynağı Edinim Bilgisi Ana Konular Alt Konular Yer Numarası Demirbaş Numarası Fatura Tarihi Geri Çekilme Durumu Kayıp Durumu Hasarlı Durumu Kredi için değil Kayıt Tarih Toplam Ödünçverme Son Görülme Tarihi Son Kontrol Tarihi Genel / Bağış Notu
Book BŞEÜ Bozüyük MYO Kütüphanesi BŞEÜ Bozüyük MYO Kütüphanesi Library of Congress Classification Bağış SOSYAL BİLİMLER Ticaret HF1379 .K46 2009 0069446 02/02/2026         25/09/2023   02/06/2025 02/06/2025 Genel Bağış